| 000 | 005930000a22001930004500 | ||
|---|---|---|---|
| 020 | _a84-8164-016-6 | ||
| 041 | 0 | _aSPA | |
| 082 | 0 | 4 | _aG 291.3 D568c |
| 100 | 1 | _aDiez de Velasco, Francisco | |
| 245 | 1 | 0 | _aLos caminos de la muerte : Religión, rito e iconografía del paso al más allá en la Grecia Antigua / Francisco Diez de Velasco |
| 260 | _aMadrid, España : Trotta | ||
| 300 | _a189 Pag | ||
| 440 | 0 | _aColección Paradigmas; No. 8 | |
| 001 | 8933 | ||
| 942 | _cBK | ||
| 999 |
_c39028 _d39028 |
||
| 336 |
_atexto _btxt _2rdacontent |
||
| 337 |
_2rdamedia _asin mediación _bn |
||
| 338 |
_2rdacarrier _avolumen _bnc |
||